000 00257nam a2200121 i 4500
001 bg
245 0 _aKratkij spravocnik chimika.
260 _aMoskwa,
_c1954.
040 _cBPK
041 _apol
942 _cKS
008 s pl f |000 0 pol
999 _c21036
_d21036
856 _uhttp://koha.tu.koszalin.pl/cgi-bin/koha/opac-detail.pl?biblionumber=21036
_yKatalog online BPK